[Event "2. Bundesliga West 2016/17"]
[Site "Salzburg"]
[Date "2016.10.29"]
[Round "2"]
[Board "6"]
[White "Ager, Josef"]
[Black "Vlasak, Reinhard"]
[Result "1-0"]
[WhiteElo "2144"]
[BlackElo "1986"]
[PlyCount "77"]
[EventDate "2016.10.28"]
[EventType "team"]
[EventRounds "11"]
[EventCountry "AUT"]
[WhiteTeam "Ranshofen"]
[BlackTeam "ASK Salzburg"]

1. Nf3 d5 2. c4 e6 3. g3 Nf6 4. Bg2 Be7 5. O-O O-O 6. d4 dxc4 7. e3 Nbd7 8. Qc2
a6 9. a4 c5 10. Nbd2 Qc7 11. Nxc4 b5 12. axb5 Bb7 13. bxa6 Rxa6 14. Rxa6 Bxa6
15. b3 Re8 16. Ba3 Nd5 17. Rc1 cxd4 18. Bxe7 Nxe7 19. Nxd4 Nb6 20. Bf1 e5 21.
Nf5 Ned5 22. Qe4 Bb7 23. Qg4 g6 24. Nfd6 h5 25. Qg5 Ra8 26. Nxb7 Nxc4 27. bxc4
Nb4 28. Bg2 Rb8 29. c5 Rxb7 30. Bxb7 Qxb7 31. Rb1 Qe4 32. Rd1 Kg7 33. Qd8 Qf3
34. Qd6 Nc6 35. h4 Kh7 36. Qd5 e4 37. Rb1 Ne7 38. Qe5 Nf5 39. Qf6 1-0

[Event "2. Bundesliga West 2016/17"]
[Site "Tirol"]
[Date "2016.10.30"]
[Round "3"]
[Board "1"]
[White "Eybl, Alexander"]
[Black "Gatterer, Florian"]
[Result "1/2-1/2"]
[WhiteElo "2277"]
[BlackElo "2281"]
[PlyCount "60"]
[EventDate "2016.10.28"]
[EventType "team"]
[EventRounds "11"]
[EventCountry "AUT"]
[WhiteTeam "Pradl"]
[BlackTeam "Rochade Rum"]

1. e4 c6 2. c4 d5 3. exd5 cxd5 4. cxd5 Nf6 5. Nc3 Nxd5 6. Nf3 Nc6 7. Bb5 g6 8.
Qa4 Nb6 9. Qh4 Bg7 10. d4 O-O 11. Bh6 Bxh6 12. Qxh6 f6 13. Bd3 Rf7 14. Rd1 Bg4
15. d5 Bxf3 16. gxf3 Ne5 17. Be2 Nec4 18. b3 Nd6 19. Qd2 Nd7 20. O-O Qa5 21.
Rc1 Rc8 22. Ne4 Qxd2 23. Rxc8+ Nxc8 24. Nxd2 Ncb6 25. Bb5 Nb8 26. Ne4 a6 27.
Bc4 Nxc4 28. bxc4 b6 29. c5 bxc5 30. Nxc5 Rf8 1/2-1/2

[Event "2. Bundesliga West 2016/17"]
[Site "Tirol"]
[Date "2016.10.30"]
[Round "3"]
[Board "2"]
[White "Spornberger, Maximilian"]
[Black "Sucher, Johannes"]
[Result "1-0"]
[WhiteElo "2300"]
[BlackElo "2122"]
[PlyCount "99"]
[EventDate "2016.10.28"]
[EventType "team"]
[EventRounds "11"]
[EventCountry "AUT"]
[WhiteTeam "Rochade Rum"]
[BlackTeam "Pradl"]

1. e4 Nf6 2. e5 Nd5 3. d4 d6 4. c4 Nb6 5. exd6 exd6 6. Nc3 Be7 7. Bd3 Nc6 8.
Nge2 Bg4 9. f3 Bh5 10. O-O Bg6 11. Bxg6 hxg6 12. b3 Qd7 13. d5 Ne5 14. a4 Qf5
15. f4 Ng4 16. h3 Nh6 17. a5 Nd7 18. Nb5 Qf6 19. Bd2 Kd8 20. a6 b6 21. Ned4 Nb8
22. g4 Qh4 23. Qf3 Ng8 24. Kg2 Bf6 25. Be1 Qh7 26. Bc3 Ne7 27. Rfe1 Nd7 28.
Rxe7 Kxe7 29. Nc6+ Kf8 30. Nxc7 Rc8 31. Nb5 g5 32. f5 Nc5 33. Nxd6 Ra8 34. b4
Nd7 35. Re1 Qh6 36. Nb5 Bxc3 37. Qxc3 Nf6 38. Qg3 Ne8 39. d6 Qf6 40. Ne5 Kg8
41. Qf3 Rd8 42. d7 Nd6 43. Nxa7 Nxc4 44. Nxc4 Rxd7 45. Nb5 Qd8 46. a7 Kh7 47.
Ra1 Rd2+ 48. Nxd2 Qxd2+ 49. Kh1 Rc8 50. a8=Q 1-0

[Event "2. Bundesliga West 2016/17"]
[Site "Tirol"]
[Date "2016.10.30"]
[Round "3"]
[Board "3"]
[White "Lins, Philipp"]
[Black "Spornberger, Andre"]
[Result "1/2-1/2"]
[WhiteElo "2131"]
[BlackElo "2288"]
[PlyCount "83"]
[EventDate "2016.10.28"]
[EventType "team"]
[EventRounds "11"]
[EventCountry "AUT"]
[WhiteTeam "Pradl"]
[BlackTeam "Rochade Rum"]

1. Nf3 e6 2. g3 f5 3. Bg2 Nf6 4. c4 d5 5. cxd5 exd5 6. d4 c6 7. Bf4 Bd6 8. Bxd6
Qxd6 9. e3 O-O 10. Nc3 Ne4 11. Ne5 Nd7 12. f4 Nxe5 13. dxe5 Nxc3 14. bxc3 Qe7
15. O-O Be6 16. Rf2 Rfd8 17. Rb1 b5 18. Rfb2 Rab8 19. a4 a6 20. axb5 axb5 21.
Bf1 Ra8 22. Bd3 Qc5 23. Qd2 Ra3 24. Rc2 Rda8 25. Kf2 Ra1 26. Rbc1 R8a4 27. h3
g6 28. Be2 Qa7 29. Rxa1 Rxa1 30. Rc1 Ra2 31. Rc2 Rxc2 32. Qxc2 Qa1 33. Bf1 Qa4
34. Qd2 c5 35. Bg2 Qb3 36. Bf3 Kf7 37. c4 Qxc4 38. Qa5 d4 39. Qc7+ Kf8 40. Qd8+
Kg7 41. Qf6+ Kg8 42. Qd8+ 1/2-1/2

[Event "2. Bundesliga West 2016/17"]
[Site "Tirol"]
[Date "2016.10.30"]
[Round "3"]
[Board "4"]
[White "Moroder, Stefan"]
[Black "Meier, Alexander"]
[Result "0-1"]
[WhiteElo "2206"]
[BlackElo "2163"]
[PlyCount "52"]
[EventDate "2016.10.28"]
[EventType "team"]
[EventRounds "11"]
[EventCountry "AUT"]
[WhiteTeam "Rochade Rum"]
[BlackTeam "Pradl"]

1. d4 d6 2. e4 g6 3. Nc3 Bg7 4. Be3 a6 5. h3 Nd7 6. Nf3 b5 7. Qd2 Bb7 8. Bd3
Rc8 9. d5 c5 10. dxc6 Bxc6 11. Nd4 Bb7 12. O-O Ngf6 13. Bh6 O-O 14. Rae1 Ne5
15. Bxg7 Kxg7 16. f4 Nc4 17. Bxc4 Rxc4 18. b3 Rc5 19. e5 Nh5 20. g4 Ng3 21. Rf2
dxe5 22. fxe5 b4 23. Na4 Rc7 24. Qxb4 Qd5 25. Kh2 Ne4 26. Rxe4 Qxe4 0-1

[Event "2. Bundesliga West 2016/17"]
[Site "Tirol"]
[Date "2016.10.30"]
[Round "3"]
[Board "5"]
[White "Praxmarer, Christian"]
[Black "Hengl, Christian"]
[Result "1-0"]
[WhiteElo "1956"]
[BlackElo "2226"]
[PlyCount "89"]
[EventDate "2016.10.28"]
[EventType "team"]
[EventRounds "11"]
[EventCountry "AUT"]
[WhiteTeam "Pradl"]
[BlackTeam "Rochade Rum"]

1. f4 d5 2. Nf3 g6 3. g3 Bg7 4. Bg2 Nf6 5. O-O O-O 6. d3 c5 7. Qe1 Nc6 8. e4 d4
9. Na3 Re8 10. h3 Rb8 11. Nc4 Nd7 12. Qf2 Rf8 13. a4 b6 14. g4 Ba6 15. b3 f6
16. Bd2 Qc7 17. Qh4 Rbe8 18. e5 h6 19. e6 Ndb8 20. Qe1 g5 21. Qe4 Nd8 22. f5
Bb7 23. Qe2 Na6 24. b4 Bd5 25. b5 Nb4 26. Bxb4 cxb4 27. Nfd2 Bxg2 28. Qxg2 Nb7
29. Ne4 Rc8 30. Qg3 Qd8 31. Rfb1 Qd5 32. Qg2 Rfd8 33. Ned2 h5 34. Qxd5 Rxd5 35.
Rxb4 Rc7 36. Nb3 Nc5 37. Nxc5 Rcxc5 38. Kf2 Bf8 39. Na3 Rd8 40. Rc4 Re5 41. Re1
hxg4 42. hxg4 a6 43. bxa6 Ra8 44. Rxd4 Rxa6 45. Rb4 1-0

[Event "2. Bundesliga West 2016/17"]
[Site "Tirol"]
[Date "2016.10.30"]
[Round "3"]
[Board "6"]
[White "Jedinger, Andreas"]
[Black "Sovago, Philipp"]
[Result "1-0"]
[WhiteElo "2120"]
[BlackElo "1937"]
[PlyCount "55"]
[EventDate "2016.10.28"]
[EventType "team"]
[EventRounds "11"]
[EventCountry "AUT"]
[WhiteTeam "Rochade Rum"]
[BlackTeam "Pradl"]

1. e4 c5 2. Nf3 Nc6 3. d4 cxd4 4. Nxd4 Nf6 5. Nc3 e5 6. Ndb5 d6 7. Bg5 a6 8.
Na3 b5 9. Bxf6 gxf6 10. Nd5 Bg7 11. c3 O-O 12. Nc2 f5 13. exf5 Bxf5 14. Nce3
Be6 15. Qh5 f5 16. Bd3 e4 17. Bc2 Ne5 18. Rd1 Ng6 19. g4 Bxd5 20. Nxd5 Nh4 21.
O-O Be5 22. Kh1 Kh8 23. gxf5 Rxf5 24. Qg4 Nf3 25. Qxf5 Qh4 26. h3 Rg8 27. Bxe4
Ng5 28. Bg2 1-0

[Event "2. Bundesliga West 2016/17"]
[Site "Tirol"]
[Date "2016.10.30"]
[Round "3"]
[Board "1"]
[White "Fedorovsky, Michael"]
[Black "Votava, Jan"]
[Result "0-1"]
[WhiteElo "2497"]
[BlackElo "2522"]
[PlyCount "162"]
[EventDate "2016.10.28"]
[EventType "team"]
[EventRounds "11"]
[EventCountry "AUT"]
[WhiteTeam "Jenbach 2"]
[BlackTeam "Zillertal"]

1. d4 Nf6 2. c4 g6 3. Nc3 d5 4. cxd5 Nxd5 5. e4 Nxc3 6. bxc3 Bg7 7. Bc4 c5 8.
Be3 Qa5 9. Qd2 Nc6 10. Ne2 cxd4 11. cxd4 O-O 12. Rd1 Qxd2+ 13. Rxd2 Na5 14. Bd3
Bd7 15. O-O Rfc8 16. Rb1 e6 17. Rdd1 b6 18. Ba6 Rc2 19. Rd2 Ba4 20. Rb2 Rxb2
21. Rxb2 Rd8 22. Rd2 b5 23. Nc3 Nc4 24. Re2 Bxd4 25. Nxa4 Bf6 26. Re1 Nxe3 27.
Bxb5 Nc2 28. Rc1 Rd2 29. Kf1 Na3 30. Be2 Rxa2 31. Nc5 Rc2 32. Rxc2 Nxc2 33. Bd1
Nb4 34. Ke2 Bd4 35. Nd3 Nxd3 36. Kxd3 Bxf2 37. e5 f6 38. exf6 Kf7 39. Ke4 Kxf6
40. Bb3 h5 41. h3 h4 42. Kf3 Bg3 43. Ke4 a5 44. Bc2 Ke7 45. Kd4 Bf2+ 46. Ke5 g5
47. Bb3 Bg3+ 48. Kd4 Kd6 49. Ba4 Bf2+ 50. Kc4 Ke5 51. Bd7 Be1 52. Kc5 Bb4+ 53.
Kc4 Be7 54. Kb5 Bb4 55. Kc4 Bd2 56. Kc5 Be1 57. Kc4 Kd6 58. Ba4 e5 59. Bc2 Bd2
60. Kd3 Bb4 61. Kc4 Be1 62. Bd1 Ke6 63. Bc2 Kf6 64. Kd5 Bg3 65. Kc5 g4 66. hxg4
Kg5 67. Kd5 Kxg4 68. Ke4 Bf4 69. Kd5 Kg3 70. Be4 a4 71. Kc4 Bc1 72. Bd5 Kf4 73.
Kd3 a3 74. Kc2 Bb2 75. Kd3 e4+ 76. Ke2 Ke5 77. Bg8 Kd4 78. Bf7 e3 79. Kd1 Kc3
80. Be6 Bc1 81. Bf7 Bd2 0-1

[Event "2. Bundesliga West 2016/17"]
[Site "Tirol"]
[Date "2016.10.30"]
[Round "3"]
[Board "2"]
[White "Lanka, Zigurds"]
[Black "Reich, Thomas"]
[Result "1/2-1/2"]
[WhiteElo "2445"]
[BlackElo "2349"]
[PlyCount "126"]
[EventDate "2016.10.28"]
[EventType "team"]
[EventRounds "11"]
[EventCountry "AUT"]
[WhiteTeam "Zillertal"]
[BlackTeam "Jenbach 2"]

1. Nf3 Nf6 2. g3 g6 3. c4 Bg7 4. Nc3 O-O 5. Bg2 d6 6. O-O Nc6 7. d3 Bf5 8. Nh4
Bd7 9. f4 Qc8 10. Nd5 e6 11. Nxf6+ Bxf6 12. Nf3 Bg7 13. e4 Nd4 14. Rb1 c5 15.
Be3 a5 16. b3 Rb8 17. Qd2 Qc7 18. Qf2 Nxf3+ 19. Bxf3 e5 20. Kh1 b6 21. Qd2 Rbe8
22. Bg2 exf4 23. Bxf4 h5 24. a3 Ra8 25. Bh6 Ra7 26. Rf2 Be6 27. Bxg7 Kxg7 28.
Qb2+ f6 29. Bf3 Bh3 30. Rg1 Qc8 31. Qe2 Bg4 32. Bxg4 hxg4 33. Rf4 f5 34. Qb2+
Kh7 35. Rgf1 Raf7 36. Qf2 Qe6 37. h3 gxh3 38. g4 Kg8 39. gxf5 gxf5 40. exf5 Qd7
41. Qf3 Rh7 42. f6 Qb7 43. Re4 Kh8 44. Kh2 d5 45. Re6 Qc7+ 46. Kh1 Qd7 47. cxd5
h2 48. Re5 Qh3 49. Qxh3 Rxh3 50. d4 cxd4 51. d6 Re3 52. Rh5+ Kg8 53. d7 Kf7 54.
Rh7+ Ke6 55. Rd1 Rd8 56. Rxd4 Kxf6 57. Kxh2 Rxb3 58. Rd2 Rf3 59. a4 Ke6 60.
Rh6+ Ke7 61. Rh7+ Ke6 62. Rh6+ Ke7 63. Rh7+ Ke6 1/2-1/2

[Event "2. Bundesliga West 2016/17"]
[Site "Tirol"]
[Date "2016.10.30"]
[Round "3"]
[Board "3"]
[White "Micheli, Carlo"]
[Black "Hausner, Ivan"]
[Result "0-1"]
[WhiteElo "2242"]
[BlackElo "2360"]
[PlyCount "108"]
[EventDate "2016.10.28"]
[EventType "team"]
[EventRounds "11"]
[EventCountry "AUT"]
[WhiteTeam "Jenbach 2"]
[BlackTeam "Zillertal"]

1. e4 Nf6 2. e5 Ng8 3. d4 d6 4. Nf3 dxe5 5. Nxe5 Nd7 6. Bf4 Ngf6 7. Nc3 e6 8.
Qf3 Be7 9. O-O-O Nb6 10. Be2 Nbd5 11. Bd2 Nxc3 12. Bxc3 O-O 13. Kb1 Qd5 14. Qh3
Ne4 15. Be1 Ng5 16. Qg3 Ne4 17. Qe3 Nd6 18. f3 Nf5 19. Qf2 c5 20. c3 cxd4 21.
cxd4 Bd7 22. Bc4 Qd6 23. a3 a5 24. Nxd7 Qxd7 25. d5 Rfc8 26. Ba2 e5 27. Qe2 Bd6
28. Bf2 b5 29. Rc1 b4 30. Bc4 bxa3 31. b3 Rab8 32. Ka2 a4 33. Rb1 axb3+ 34.
Rxb3 Rxb3 35. Bxb3 g6 36. h4 Qc7 37. g4 Nd4 38. Bxd4 exd4 39. Qd3 Qb6 40. Rb1
Rc3 41. Qd2 Qc5 42. h5 Rxf3 43. Rc1 Rc3 44. Rxc3 Qxc3 45. Qxc3 dxc3 46. hxg6
hxg6 47. Kb1 Kg7 48. Kc2 Bb4 49. d6 Bxd6 50. Kxc3 f6 51. Kd3 Kh6 52. Ke4 Kg5
53. Kf3 f5 54. gxf5 Kxf5 0-1

[Event "2. Bundesliga West 2016/17"]
[Site "Tirol"]
[Date "2016.10.30"]
[Round "3"]
[Board "4"]
[White "Platzgummer, Fabian"]
[Black "Fuchs, Georg"]
[Result "1-0"]
[WhiteElo "2334"]
[BlackElo "2215"]
[PlyCount "93"]
[EventDate "2016.10.28"]
[EventType "team"]
[EventRounds "11"]
[EventCountry "AUT"]
[WhiteTeam "Zillertal"]
[BlackTeam "Jenbach 2"]

1. Nf3 Nf6 2. g3 c5 3. Bg2 Nc6 4. O-O e5 5. c4 Be7 6. Nc3 O-O 7. e3 d6 8. d4
Bg4 9. d5 e4 10. dxc6 bxc6 11. h3 exf3 12. hxg4 fxg2 13. Kxg2 Qd7 14. f3 Qe6
15. b3 Rad8 16. e4 Rfe8 17. Qc2 h6 18. g5 hxg5 19. Bxg5 Nh5 20. Bxe7 Rxe7 21.
Rad1 Qg6 22. g4 Nf4+ 23. Kg3 Qf6 24. Ne2 g5 25. Nxf4 Qxf4+ 26. Kg2 Rde8 27. Qd2
Rxe4 28. Qxf4 Rxf4 29. Rxd6 Re6 30. Rxe6 fxe6 31. Re1 Kf7 32. Re5 Kf6 33. Rxc5
Rd4 34. Ra5 Rd7 35. Kf2 e5 36. Ra6 Rc7 37. Ke3 Ke6 38. Ke4 Kd6 39. b4 Rc8 40.
b5 Rf8 41. Rxc6+ Kd7 42. Kxe5 Rxf3 43. Ra6 Rf4 44. Rxa7+ Kc8 45. c5 Rxg4 46.
Rg7 Rb4 47. b6 1-0

[Event "2. Bundesliga West 2016/17"]
[Site "Tirol"]
[Date "2016.10.30"]
[Round "3"]
[Board "5"]
[White "Hoellrigl, Wilfried"]
[Black "Tabernig, Bernhard"]
[Result "1-0"]
[WhiteElo "2151"]
[BlackElo "2330"]
[PlyCount "81"]
[EventDate "2016.10.28"]
[EventType "team"]
[EventRounds "11"]
[EventCountry "AUT"]
[WhiteTeam "Jenbach 2"]
[BlackTeam "Zillertal"]

1. e4 e6 2. d4 d5 3. e5 c5 4. c3 Nc6 5. Nf3 Bd7 6. a3 f6 7. Bd3 Qc7 8. O-O
O-O-O 9. Re1 h6 10. b4 c4 11. Bc2 f5 12. a4 Be8 13. Na3 g5 14. Nb5 Qg7 15. Nd6+
Kb8 16. a5 Bh5 17. b5 Nce7 18. Ba3 Nc8 19. Bc5 Nge7 20. Qb1 Bxf3 21. gxf3 Ng6
22. Kh1 Nf4 23. Nxc8 Bxc5 24. Nxa7 Qf7 25. dxc5 g4 26. Nc6+ bxc6 27. bxc6+ Ka8
28. a6 gxf3 29. Qb7+ Qxb7 30. axb7+ Kb8 31. Rg1 Kc7 32. Rg7+ Kxc6 33. Ra5 d4
34. Ba4+ Kd5 35. c6+ Ke4 36. c7 Nh3 37. cxd8=Q Rxd8 38. Ra8 Nxf2+ 39. Kg1 Ke3
40. Rxd8 Ke2 41. Rg2 1-0

[Event "2. Bundesliga West 2016/17"]
[Site "Tirol"]
[Date "2016.10.30"]
[Round "3"]
[Board "6"]
[White "Schiestl, Josef"]
[Black "Binder, Moriz"]
[Result "1/2-1/2"]
[WhiteElo "2123"]
[BlackElo "2186"]
[PlyCount "59"]
[EventDate "2016.10.28"]
[EventType "team"]
[EventRounds "11"]
[EventCountry "AUT"]
[WhiteTeam "Zillertal"]
[BlackTeam "Jenbach 2"]

1. e4 e5 2. Bc4 Nf6 3. d3 Nc6 4. Nf3 Bc5 5. c3 a6 6. Bb3 Ba7 7. h3 h6 8. Nbd2
d6 9. Nf1 Ne7 10. Ng3 Ng6 11. Qe2 O-O 12. O-O Nf4 13. Qd1 Re8 14. Be3 Be6 15.
Kh2 Kh7 16. Qd2 g5 17. Ne2 Qd7 18. Bxe6 Qxe6 19. Bxa7 Rxa7 20. Nfg1 d5 21. g3
Nxe2 22. Qxe2 dxe4 23. dxe4 Raa8 24. a3 Qc6 25. f3 Rad8 26. Rad1 Kg7 27. Rd2
Rxd2 28. Qxd2 Re7 29. Rd1 Rd7 30. Qe1 1/2-1/2

[Event "2. Bundesliga West 2016/17"]
[Site "Hohenems"]
[Date "2016.10.30"]
[Round "3"]
[Board "1"]
[White "Novkovic, Milan"]
[Black "Gretz, Denis"]
[Result "1-0"]
[WhiteElo "2371"]
[BlackElo "2339"]
[PlyCount "61"]
[EventDate "2016.10.28"]
[EventType "team"]
[EventRounds "11"]
[EventCountry "AUT"]
[WhiteTeam "Dornbirn"]
[BlackTeam "Goetzis 2"]

1. d4 f5 2. g3 Nf6 3. Bg2 g6 4. c3 Bg7 5. Qb3 Nc6 6. Nd2 e6 7. Nh3 O-O 8. O-O
Kh8 9. Nf4 e5 10. dxe5 Nxe5 11. Nf3 Nf7 12. Be3 c6 13. Rfd1 d5 14. c4 g5 15.
Nd3 dxc4 16. Qxc4 Nd5 17. Bd4 Nd6 18. Bxg7+ Kxg7 19. Qd4+ Qf6 20. Nc5 h6 21.
Rac1 Re8 22. Qxf6+ Kxf6 23. Nd4 Re7 24. Bxd5 cxd5 25. Nd3 Bd7 26. Nb4 Re5 27.
Nf3 Rxe2 28. Nxd5+ Kf7 29. Nc7 Rc8 30. Rxd6 Bc6 31. Nd4 1-0

[Event "2. Bundesliga West 2016/17"]
[Site "Hohenems"]
[Date "2016.10.30"]
[Round "3"]
[Board "2"]
[White "Mittelberger, Peter"]
[Black "Schmidlechner, Alexander"]
[Result "1/2-1/2"]
[WhiteElo "2143"]
[BlackElo "2201"]
[PlyCount "112"]
[EventDate "2016.10.28"]
[EventType "team"]
[EventRounds "11"]
[EventCountry "AUT"]
[WhiteTeam "Goetzis 2"]
[BlackTeam "Dornbirn"]

1. e4 c5 2. Nf3 Nc6 3. d4 cxd4 4. Nxd4 Nf6 5. Nc3 e5 6. Ndb5 d6 7. Bg5 a6 8.
Na3 b5 9. Nd5 Be7 10. Bxf6 Bxf6 11. c4 b4 12. Nc2 a5 13. Be2 O-O 14. O-O Be6
15. b3 Bg5 16. Bg4 Rb8 17. Nde3 Bxe3 18. fxe3 Qe7 19. Bxe6 fxe6 20. Qg4 Nd8 21.
Rxf8+ Kxf8 22. Qd1 Nb7 23. a3 Nc5 24. axb4 axb4 25. Nxb4 Rxb4 26. Ra8+ Kf7 27.
Qh5+ Kf6 28. Ra1 g6 29. Qh6 Kf7 30. Qxh7+ Ke8 31. Ra8+ Kd7 32. Qg8 Kc6 33. Qc8+
Kb6 34. Qb8+ Nb7 35. Qa7+ Kc7 36. Qb8+ Kc6 37. Qa7 Qc7 38. Qa3 Rb6 39. Qa4+ Kc5
40. Qa3+ Kc6 41. Qa4+ Kc5 42. Qe8 Rc6 43. Qxe6 Kb6 44. Qxg6 d5 45. Qf5 dxc4 46.
bxc4 Rxc4 47. h4 Qe7 48. Qf1 Qc5 49. Qf6+ Qd6 50. Rf8 Rxe4 51. Qf2 Qb4 52. Rf6+
Ka7 53. Qa2+ Kb8 54. Qg8+ Ka7 55. Qa2+ Kb8 56. Qg8+ Ka7 1/2-1/2

[Event "2. Bundesliga West 2016/17"]
[Site "Hohenems"]
[Date "2016.10.30"]
[Round "3"]
[Board "3"]
[White "Leutwyler, Martin"]
[Black "Scheffknecht, Philipp"]
[Result "1-0"]
[WhiteElo "2164"]
[BlackElo "2052"]
[PlyCount "103"]
[EventDate "2016.10.28"]
[EventType "team"]
[EventRounds "11"]
[EventCountry "AUT"]
[WhiteTeam "Dornbirn"]
[BlackTeam "Goetzis 2"]

1. d4 Nf6 2. c4 e6 3. g3 c5 4. d5 exd5 5. cxd5 d6 6. Nc3 g6 7. Bg2 Bg7 8. Nf3
O-O 9. O-O Na6 10. Nd2 Nc7 11. a4 b6 12. Nc4 Ba6 13. Qb3 Bxc4 14. Qxc4 a6 15.
Bg5 h6 16. Bd2 Nd7 17. f4 Rb8 18. b4 b5 19. axb5 Nb6 20. Qb3 c4 21. Qd1 axb5
22. e4 Kh7 23. Ra5 Qd7 24. Qc2 Rfe8 25. h4 h5 26. Kh2 f5 27. Bh3 Rf8 28. Qd1
Kh6 29. Qc2 Rf7 30. Be3 Bxc3 31. Qxc3 Qe8 32. Bg2 Na4 33. Qd4 Re7 34. e5 Qd7
35. Ra7 Kh7 36. e6 Qe8 37. Qf6 Qf8 38. Bd4 Nxd5 39. Qxf8 Rxf8 40. Bxd5 Rxa7 41.
Bxa7 Re8 42. Bd4 c3 43. Rc1 Nb2 44. Rxc3 Nc4 45. Rc2 g5 46. hxg5 Kg6 47. Ra2 h4
48. gxh4 Re7 49. Ra7 Nd2 50. Rxe7 Nf3+ 51. Bxf3 d5 52. h5# 1-0

[Event "2. Bundesliga West 2016/17"]
[Site "Hohenems"]
[Date "2016.10.30"]
[Round "3"]
[Board "4"]
[White "Kranz, Armin"]
[Black "Novkovic, Julia"]
[Result "0-1"]
[WhiteElo "2071"]
[BlackElo "2135"]
[PlyCount "82"]
[EventDate "2016.10.28"]
[EventType "team"]
[EventRounds "11"]
[EventCountry "AUT"]
[WhiteTeam "Goetzis 2"]
[BlackTeam "Dornbirn"]

1. d4 g6 2. Nf3 Bg7 3. g3 Nf6 4. c4 O-O 5. Bg2 c5 6. d5 b5 7. cxb5 Qa5+ 8. Bd2
Qxb5 9. Nc3 Qb7 10. O-O d6 11. Qc2 Na6 12. e4 Rb8 13. Rab1 Nb4 14. Qd1 Qc7 15.
a3 Nd3 16. Qc2 Ba6 17. Rfd1 Ng4 18. Be1 Nxe1 19. Rxe1 Bd4 20. Nd1 Qa5 21. b4
Qxa3 22. Nxd4 cxd4 23. Rb3 Qa4 24. Nb2 Qa2 25. Bf1 Ne5 26. Rb1 d3 27. Qd1 Nf3+
28. Kg2 Nd2 29. Nxd3 Nxb3 30. Rxb3 Rfc8 31. b5 Bxb5 32. Nb4 Bxf1+ 33. Kxf1 Qa4
34. Nc6 Rxb3 35. Nxe7+ Kf8 36. Nxc8 Qc4+ 37. Kg1 Rb2 38. Qg4 Rb1+ 39. Kg2 Qf1+
40. Kf3 Rb3+ 41. Kf4 Qc1# 0-1

[Event "2. Bundesliga West 2016/17"]
[Site "Hohenems"]
[Date "2016.10.30"]
[Round "3"]
[Board "5"]
[White "Proyer, Enno"]
[Black "Natter, Markus"]
[Result "0-1"]
[WhiteElo "2103"]
[BlackElo "1981"]
[PlyCount "52"]
[EventDate "2016.10.28"]
[EventType "team"]
[EventRounds "11"]
[EventCountry "AUT"]
[WhiteTeam "Dornbirn"]
[BlackTeam "Goetzis 2"]

1. d4 Nf6 2. c4 g6 3. Nc3 Bg7 4. e4 d6 5. h3 O-O 6. Nf3 e5 7. d5 Nh5 8. g3 Qe8
9. Bg2 Na6 10. Qe2 f5 11. Bd2 Nc5 12. b4 Nxe4 13. Nxe4 fxe4 14. Ng5 Nf4 15.
gxf4 exf4 16. Rc1 f3 17. Nxf3 exf3 18. Bxf3 Qa4 19. O-O Bxh3 20. Rfd1 Rae8 21.
Be3 Qd7 22. Rd2 Qf5 23. Bh1 Be5 24. Re1 Bf4 25. Qf3 Qg5+ 26. Bg2 Bxe3 0-1

[Event "2. Bundesliga West 2016/17"]
[Site "Hohenems"]
[Date "2016.10.30"]
[Round "3"]
[Board "6"]
[White "Khachatouri, Saro"]
[Black "Erwin-Casero, Daniel"]
[Result "1-0"]
[WhiteElo "1832"]
[BlackElo "1815"]
[PlyCount "65"]
[EventDate "2016.10.28"]
[EventType "team"]
[EventRounds "11"]
[EventCountry "AUT"]
[WhiteTeam "Goetzis 2"]
[BlackTeam "Dornbirn"]

1. e4 e5 2. Nf3 Nc6 3. Bb5 a6 4. Ba4 Nf6 5. O-O Be7 6. d3 b5 7. Bb3 d6 8. a4
Bg4 9. Be3 O-O 10. axb5 axb5 11. Rxa8 Qxa8 12. Nc3 Qb8 13. h3 Bh5 14. Nd5 Nxd5
15. Bxd5 Nb4 16. Bb3 c5 17. g4 Bg6 18. c3 Nxd3 19. Qxd3 c4 20. Bxc4 bxc4 21.
Qxc4 Rc8 22. Qd3 Qxb2 23. c4 Qb7 24. Nd2 Qa6 25. Rb1 Bd8 26. Qd5 Be7 27. Qb5
Qxb5 28. cxb5 d5 29. Ba7 Rc7 30. b6 Rb7 31. Rc1 dxe4 32. Rc7 e3 33. fxe3 1-0

[Event "2. Bundesliga West 2016/17"]
[Site "Hohenems"]
[Date "2016.10.30"]
[Round "3"]
[Board "1"]
[White "Froewis, Georg"]
[Black "Bezler, Rainer"]
[Result "1-0"]
[WhiteElo "2463"]
[BlackElo "2234"]
[PlyCount "77"]
[EventDate "2016.10.28"]
[EventType "team"]
[EventRounds "11"]
[EventCountry "AUT"]
[WhiteTeam "Hohenems II"]
[BlackTeam "Bregenz 2"]

1. c4 e6 2. Nf3 d5 3. d4 c6 4. e3 f5 5. Bd3 Nf6 6. O-O Bd6 7. b3 Qe7 8. Nc3 O-O
9. Qc2 Ne4 10. Ne2 Nd7 11. Bb2 Qf6 12. Ne1 g5 13. f3 Qh6 14. g3 Ndf6 15. Nc1 g4
16. fxe4 fxe4 17. Be2 Bd7 18. Rf4 Bxf4 19. exf4 Qg6 20. Ng2 Rfd8 21. Bf1 Be8
22. Ne2 Qg7 23. Ne3 Bg6 24. Rc1 Qd7 25. c5 b5 26. cxb6 axb6 27. Qxc6 Rxa2 28.
Qxd7 Rxd7 29. Rc2 Kf7 30. Nc3 Ra8 31. Na4 Rb7 32. Rc6 Rab8 33. Ba6 Ra7 34. Bb5
Rab7 35. Ba3 h5 36. Bd6 Ra8 37. Bb4 Nd7 38. Kf2 Kf6 39. Nxd5+ 1-0

[Event "2. Bundesliga West 2016/17"]
[Site "Hohenems"]
[Date "2016.10.30"]
[Round "3"]
[Board "2"]
[White "Barthelmann, Benno"]
[Black "Bezold, Michael"]
[Result "0-1"]
[WhiteElo "2097"]
[BlackElo "2502"]
[PlyCount "66"]
[EventDate "2016.10.28"]
[EventType "team"]
[EventRounds "11"]
[EventCountry "AUT"]
[WhiteTeam "Bregenz 2"]
[BlackTeam "Hohenems II"]

1. c4 g6 2. g3 Bg7 3. Bg2 c5 4. Nc3 Nc6 5. e4 d6 6. Nge2 a6 7. O-O Rb8 8. f4
Bg4 9. h3 Bxe2 10. Nxe2 b5 11. cxb5 axb5 12. d3 Qd7 13. Nc3 Nf6 14. Qe1 b4 15.
e5 bxc3 16. exf6 Bxf6 17. bxc3 O-O 18. f5 Ne5 19. Qe2 gxf5 20. Qh5 Ng6 21. Bh6
Bxc3 22. Rad1 e6 23. Bxf8 Rxf8 24. g4 f4 25. g5 d5 26. Qg4 Bd4+ 27. Kh1 Be3 28.
h4 Qe7 29. Kh2 Ne5 30. Qh5 Ra8 31. Rb1 Nxd3 32. Rb5 Qd6 33. Qf3 Ne5 0-1

[Event "2. Bundesliga West 2016/17"]
[Site "Hohenems"]
[Date "2016.10.30"]
[Round "3"]
[Board "3"]
[White "Burschowsky, Matthias"]
[Black "Amann, Harald"]
[Result "1/2-1/2"]
[WhiteElo "2195"]
[BlackElo "2049"]
[PlyCount "106"]
[EventDate "2016.10.28"]
[EventType "team"]
[EventRounds "11"]
[EventCountry "AUT"]
[WhiteTeam "Hohenems II"]
[BlackTeam "Bregenz 2"]

1. Nf3 c5 2. c4 Nf6 3. Nc3 g6 4. d4 cxd4 5. Nxd4 Bg7 6. e4 d6 7. Be2 O-O 8. O-O
Nc6 9. Nc2 a6 10. Be3 Qc7 11. f3 Be6 12. Qd2 Rfe8 13. Rac1 Rac8 14. Nd5 Bxd5
15. cxd5 Ne5 16. Nd4 Qb8 17. b4 Rxc1 18. Rxc1 Rc8 19. a4 Ned7 20. a5 Ne8 21.
Nc6 bxc6 22. dxc6 Ne5 23. Bxa6 Rxc6 24. Rxc6 Nxc6 25. Bb6 Nc7 26. b5 Nxa6 27.
bxc6 Qc8 28. c7 h6 29. f4 Qb7 30. Qc2 Nxc7 31. Bxc7 Bd4+ 32. Kf1 Bc5 33. Bd8
Qd7 34. Bb6 Bxb6 35. axb6 Qb5+ 36. Kf2 Qxb6+ 37. Kf3 Qb7 38. Ke3 Qa7+ 39. Kf3
Qa3+ 40. Kf2 Qa7+ 41. Kf3 Qd4 42. Qc6 Qd3+ 43. Kf2 Kg7 44. Qb7 Qd4+ 45. Kf3 e6
46. Qb1 d5 47. exd5 exd5 48. g3 Qc3+ 49. Ke2 d4 50. Qe4 Qc4+ 51. Kd2 Qc3+ 52.
Ke2 Qc4+ 53. Kd2 Qc3+ 1/2-1/2